[Event "DEM U12 2005"]
[Site "Willingen GER"]
[Date "2005.05.15"]
[Round "2"]
[White "Fittkau, Nico"]
[Black "von Wardenburg, Jendrik"]
[Result "1-0"]
[Termination "normal"]
[Board "46"]
[WhiteElo "1369"]
[BlackElo "965"]
[PlyCount "113"]
[EventCountry "GER"]
[EventRounds "11"]
[EventType "swiss"]
[EventDate "2005.05.15"]

1. e4 e5 2. Nf3 Nc6 3. Bb5 Bc5 4. O-O d6 5. d4 exd4 6. Nxd4 Nge7 7. Bg5 Bd7 8.
Nxc6 Bxc6 9. Bxc6+ bxc6 10. Qg4 O-O 11. Bf6 g6 12. Qh4 Rc8 13. Qh6 Nf5 14. Qg5
h6 15. exf5 hxg5 16. Bxd8 Rcxd8 17. fxg6 fxg6 18. Nd2 Rde8 19. c3 a5 20. Nb3
Bb6 21. Nd4 c5 22. Nf3 g4 23. Nd2 Re2 24. Nc4 Rfe8 25. Rad1 R8e6 26. Rd2 Rxd2
27. Nxd2 d5 28. Rd1 c4 29. Kf1 Rf6 30. f3 gxf3 31. Nxf3 Rf5 32. Re1 Kf7 33. Ke2
c6 34. Kd2 a4 35. Rf1 Kg7 36. Re1 Kf7 37. Ne5+ Kf6 38. Nd7+ Kf7 39. Nxb6 Rf2+
40. Re2 Rxe2+ 41. Kxe2 a3 42. bxa3 Ke7 43. Kf3 Kd6 44. Na4 c5 45. Ke3 Kc6 46.
h4 Kb5 47. Nb2 d4+ 48. cxd4 c3 49. Nd3 c4 50. Nc1 Ka4 51. d5 Kxa3 52. d6 Kb2
53. d7 Kxc1 54. d8=Q c2 55. Qb6 c3 56. Kd3 g5 57. hxg5 1-0

[Event "DEM U12 2005"]
[Site "Willingen GER"]
[Date "2005.05.15"]
[Round "2"]
[White "Vyelina, Valeriya"]
[Black "Nguyen Minh, Thuy"]
[Result "0-1"]
[Termination "normal"]
[Board "47"]
[WhiteElo "885"]
[BlackElo "1328"]
[PlyCount "52"]
[WhiteFideId "24677345"]
[BlackFideId "24672688"]
[EventCountry "GER"]
[EventRounds "11"]
[EventType "swiss"]
[EventDate "2005.05.15"]

1. e4 c5 2. Nf3 Nc6 3. c3 Nf6 4. d4 cxd4 5. e5 Nd5 6. cxd4 f6 7. Be2 Qc7 8. O-O
e6 9. Re1 Ncb4 10. Na3 b6 11. Bd3 Bb7 12. Bd2 Nxd3 13. Rf1 Nxb2 14. Qb3 Bxa3
15. Qxa3 Nc4 16. Qd3 Ba6 17. Rfc1 Rc8 18. g3 Qc6 19. Be1 Qa8 20. exf6 Nxf6 21.
Bb4 Qd5 22. Rc2 Bb7 23. Kg2 Ne3+ 24. fxe3 Rxc2+ 25. Qxc2 Qxf3+ 26. Kh3 Qg4# 0-1

[Event "DEM U12 2005"]
[Site "Willingen GER"]
[Date "2005.05.15"]
[Round "2"]
[White "Dürre, Gregor"]
[Black "Thewes, Anna Christina"]
[Result "1-0"]
[Termination "normal"]
[Board "48"]
[WhiteElo "1319"]
[BlackElo "918"]
[PlyCount "39"]
[EventCountry "GER"]
[EventRounds "11"]
[EventType "swiss"]
[EventDate "2005.05.15"]

1. e4 e5 2. Nf3 Nc6 3. Bc4 Nf6 4. d3 Bc5 5. Bg5 d6 6. h3 h6 7. Bh4 O-O 8. Nc3
Qe7 9. Nd5 Qd8 10. Nxf6+ gxf6 11. Nd2 Ne7 12. Bxf6 a6 13. Qf3 Kh7 14. g4 Rg8
15. Bxf7 Rf8 16. Bh5 Bd7 17. g5 hxg5 18. Bf7 Rxf7 19. Qh5+ Kg8 20. Qh8# 1-0

[Event "DEM U12 2005"]
[Site "Willingen GER"]
[Date "2005.05.15"]
[Round "2"]
[White "Popov, Xenia"]
[Black "Rogasch, Miriam"]
[Result "1-0"]
[Termination "normal"]
[Board "49"]
[WhiteElo "1306"]
[BlackElo "774"]
[PlyCount "127"]
[BlackFideId "4616324"]
[EventCountry "GER"]
[EventRounds "11"]
[EventType "swiss"]
[EventDate "2005.05.15"]

1. d4 d5 2. Nf3 Nf6 3. e3 Nc6 4. Nbd2 Bf5 5. Bd3 Bxd3 6. cxd3 e6 7. O-O Bd6 8.
e4 O-O 9. e5 Ng4 10. exd6 Qxd6 11. h3 Nf6 12. Re1 Nb4 13. Qb3 Qb6 14. a3 Qa5
15. Qc3 c6 16. Qxb4 Qxb4 17. axb4 Nd7 18. Ne5 Nb6 19. Nb3 f6 20. Nf3 Nd7 21.
Bf4 g5 22. Bg3 h6 23. Rxe6 Kf7 24. Rae1 Ne5 25. Nxe5+ Kxe6 26. Ng6+ Kf7 27.
Nxf8 Kxf8 28. Bd6+ Kf7 29. Re7+ Kg6 30. g4 Rd8 31. Bh2 b5 32. h4 gxh4 33. f4 f5
34. gxf5+ Kxf5 35. Re5+ Kg4 36. Kg2 h3+ 37. Kf2 Kh4 38. Kf3 Rg8 39. Re2 a6 40.
Rf2 Rg4 41. f5 Kg5 42. Ke3 Rg2 43. Rxg2+ hxg2 44. Kf2 Kxf5 45. Kxg2 Kg4 46. Nc5
h5 47. Nxa6 h4 48. Nb8 h3+ 49. Kf2 Kf5 50. Nxc6 Ke6 51. Na7 Kd7 52. Nxb5 Kc6
53. Nc3 Kb6 54. Kg3 Kc6 55. Kxh3 Kb6 56. Kg4 Kc6 57. Kf5 Kd7 58. Ke5 Kc6 59.
Ke6 Kb7 60. Kxd5 Kb6 61. b5 Kb7 62. Kc5 Kc8 63. Kc6 Kd8 64. b6 1-0

[Event "DEM U12 2005"]
[Site "Willingen GER"]
[Date "2005.05.16"]
[Round "3"]
[White "Kotainy, Jens"]
[Black "Graf, Felix"]
[Result "0-1"]
[Termination "normal"]
[Board "1"]
[WhiteElo "1624"]
[BlackElo "2152"]
[PlyCount "74"]
[WhiteFideId "24670499"]
[BlackFideId "24608904"]
[EventCountry "GER"]
[EventRounds "11"]
[EventType "swiss"]
[EventDate "2005.05.15"]

1. e4 e6 2. d4 d5 3. Nc3 Bb4 4. e5 c5 5. a3 Bxc3+ 6. bxc3 Qc7 7. Bd2 Ne7 8. Nf3
Bd7 9. Bd3 c4 10. Be2 h6 11. O-O Ba4 12. Ne1 Nd7 13. f4 O-O-O 14. g4 f5 15. h4
fxg4 16. Bxg4 Qc6 17. Ng2 g6 18. Be3 Rdg8 19. Qd2 Nf5 20. Bxf5 gxf5 21. Kh2 Nf8
22. Rg1 Qe8 23. Bf2 Qh5 24. Bg3 Ng6 25. Qf2 Rg7 26. Rac1 Rhg8 27. Ne3 a6 28.
Rb1 Kc7 29. Rbc1 Be8 30. Rb1 Ne7 31. Rg2 Nc8 32. Rgg1 Nb6 33. Rg2 Qf7 34. Qd2
Qe7 35. Ra1 Bh5 36. Rgg1 Rxg3 37. Rxg3 Qxh4+ 0-1

[Event "DEM U12 2005"]
[Site "Willingen GER"]
[Date "2005.05.16"]
[Round "3"]
[White "Boos, Philipp"]
[Black "Kaphle, Stephan"]
[Result "1/2-1/2"]
[Termination "normal"]
[Board "2"]
[WhiteElo "1586"]
[BlackElo "1954"]
[PlyCount "90"]
[BlackFideId "24629103"]
[EventCountry "GER"]
[EventRounds "11"]
[EventType "swiss"]
[EventDate "2005.05.15"]

1. d4 Nf6 2. c4 c5 3. d5 b5 4. f3 d6 5. e4 g6 6. b3 Bg7 7. Bb2 O-O 8. Nd2 Nbd7
9. Nh3 Nb6 10. Nf4 Nfxd5 11. Bxg7 Nxf4 12. Bxf8 Kxf8 13. Qc1 e5 14. cxb5 Ne6
15. Nc4 Kg7 16. Bd3 Nf4 17. Qd2 Be6 18. g3 Nh3 19. Be2 Bxc4 20. bxc4 Ng5 21.
Rf1 Qe7 22. Rd1 Rd8 23. Qc2 Ne6 24. a4 Nd4 25. Qa2 Nd7 26. a5 Rb8 27. Rb1 Qd8
28. Kf2 Nf8 29. Rb2 Nd7 30. Rfb1 h5 31. b6 axb6 32. axb6 Nc6 33. Rb5 Nb4 34.
Qa7 Nxb6 35. Qa5 Nd7 36. Qxd8 Rxd8 37. Ra1 Kf6 38. Kf1 Nb8 39. Kf2 N8c6 40. Rb6
Ke6 41. f4 f5 42. Bf3 Nd4 43. exf5+ Nxf5 44. fxe5 Kxe5 45. Rd1 Rd7 1/2-1/2

[Event "DEM U12 2005"]
[Site "Willingen GER"]
[Date "2005.05.16"]
[Round "3"]
[White "Stahnecker, Wieland"]
[Black "Zelbel, Patrick"]
[Result "0-1"]
[Termination "normal"]
[Board "3"]
[WhiteElo "1576"]
[BlackElo "1927"]
[PlyCount "60"]
[WhiteFideId "4694481"]
[BlackFideId "24624322"]
[EventCountry "GER"]
[EventRounds "11"]
[EventType "swiss"]
[EventDate "2005.05.15"]

1. e4 e5 2. Nf3 Nc6 3. Bb5 a6 4. Ba4 Nf6 5. O-O b5 6. Bb3 Be7 7. Re1 d6 8. c3
O-O 9. d4 Bg4 10. Be3 Re8 11. Nbd2 Bf8 12. h3 Bh5 13. a3 Nb8 14. Qc2 c5 15. d5
c4 16. Ba2 Nbd7 17. b4 cxb3 18. Bxb3 Rc8 19. Nf1 Bxf3 20. gxf3 Nh5 21. Qd2 Qh4
22. Kh2 Nf4 23. Bxf4 exf4 24. Ne3 fxe3 25. fxe3 Qf6 26. Qg2 Rxc3 27. Bc2 Rxe3
28. Rxe3 Qf4+ 29. Qg3 Qxe3 30. Rg1 Ne5 0-1

[Event "DEM U12 2005"]
[Site "Willingen GER"]
[Date "2005.05.16"]
[Round "3"]
[White "Grimm, Pascal"]
[Black "Specht, Christian"]
[Result "1/2-1/2"]
[Termination "normal"]
[Board "4"]
[WhiteElo "1838"]
[BlackElo "1568"]
[PlyCount "38"]
[WhiteFideId "24620122"]
[BlackFideId "24647985"]
[EventCountry "GER"]
[EventRounds "11"]
[EventType "swiss"]
[EventDate "2005.05.15"]

1. e4 c5 2. Nc3 Nc6 3. g3 g6 4. Bg2 Bg7 5. d3 e6 6. f4 d6 7. Nf3 Nge7 8. O-O
O-O 9. Be3 Rb8 10. Qd2 b5 11. Nh4 b4 12. Nd1 Nd4 13. c3 bxc3 14. bxc3 Nb5 15.
Bh3 Qa5 16. Rc1 f5 17. e5 Rd8 18. exd6 Nxd6 19. Qf2 c4 1/2-1/2

[Event "DEM U12 2005"]
[Site "Willingen GER"]
[Date "2005.05.16"]
[Round "3"]
[White "Osmanodja, Bilgin"]
[Black "Friedrich, Wiede"]
[Result "1-0"]
[Termination "normal"]
[Board "5"]
[WhiteElo "1574"]
[BlackElo "1739"]
[PlyCount "43"]
[BlackFideId "24629537"]
[EventCountry "GER"]
[EventRounds "11"]
[EventType "swiss"]
[EventDate "2005.05.15"]

1. e4 c5 2. Nf3 d6 3. d4 cxd4 4. Nxd4 Nf6 5. Nc3 g6 6. Be3 Bg7 7. f3 O-O 8. Qd2
Nc6 9. Bc4 Bd7 10. h4 Rc8 11. Bb3 h5 12. O-O-O Ne5 13. Bg5 a5 14. Kb1 b5 15. g4
hxg4 16. h5 Nxh5 17. Bh6 Nc4 18. Bxc4 Rxc4 19. Bxg7 Kxg7 20. Rxh5 gxh5 21. Qg5+
Kh7 22. Qxh5+ 1-0

[Event "DEM U12 2005"]
[Site "Willingen GER"]
[Date "2005.05.16"]
[Round "3"]
[White "Wang, Zhangxian"]
[Black "Petermann, Michail"]
[Result "1/2-1/2"]
[Termination "normal"]
[Board "6"]
[WhiteElo "1734"]
[BlackElo "1551"]
[PlyCount "74"]
[BlackFideId "24643530"]
[EventCountry "GER"]
[EventRounds "11"]
[EventType "swiss"]
[EventDate "2005.05.15"]

1. e4 c5 2. Nf3 Nc6 3. d4 cxd4 4. Nxd4 Nf6 5. Nc3 e6 6. Ndb5 a6 7. Nd6+ Bxd6 8.
Qxd6 Qe7 9. Qc7 d6 10. Qxe7+ Nxe7 11. Bf4 d5 12. exd5 Nexd5 13. Nxd5 Nxd5 14.
Bd6 b5 15. Be2 Bb7 16. Bf3 Rd8 17. Be5 f6 18. Bg3 Kf7 19. Rd1 Rc8 20. c3 Rhd8
21. O-O Bc6 22. Rfe1 Ne7 23. Bg4 f5 24. Rxd8 Rxd8 25. Rd1 Rc8 26. Be2 Bd5 27.
a3 Ng6 28. Bd6 Rc6 29. Bb8 Ke7 30. Bd3 Bb3 31. Re1 Kf7 32. Be2 Bd5 33. Bd1 Rc8
34. Ba7 Nf4 35. f3 Nd3 36. Re2 Rd8 37. Rd2 Ne5 1/2-1/2

[Event "DEM U12 2005"]
[Site "Willingen GER"]
[Date "2005.05.16"]
[Round "3"]
[White "Ohnmacht, Simon"]
[Black "Hager, Joshua Aarash"]
[Result "0-1"]
[Termination "normal"]
[Board "7"]
[WhiteElo "1516"]
[BlackElo "1632"]
[PlyCount "124"]
[WhiteFideId "24672980"]
[BlackFideId "24642789"]
[EventCountry "GER"]
[EventRounds "11"]
[EventType "swiss"]
[EventDate "2005.05.15"]

1. c4 b6 2. d4 Bb7 3. Nc3 e6 4. e3 Bb4 5. Qc2 f5 6. Be2 Bxg2 7. Bf3 Bxf3 8.
Nxf3 Nf6 9. Bd2 Bxc3 10. Bxc3 Ne4 11. O-O-O Qe7 12. Rhg1 d6 13. Rg2 Nd7 14.
Rdg1 Rg8 15. Kb1 Ndf6 16. Qa4+ Kf7 17. Qc2 Nxc3+ 18. Qxc3 Ne4 19. Qd3 g5 20.
Nd2 Nxd2+ 21. Qxd2 Qf6 22. Qe2 h6 23. e4 fxe4 24. Kc1 Qxd4 25. Qh5+ Rg6 26.
Rxg5 hxg5 27. Rxg5 Qg7 28. Rf5+ exf5 29. Qxf5+ Kg8 30. Qd5+ Kh7 31. Qxa8 Rg1+
32. Kc2 e3 33. Qf3 Qg6+ 34. Kb3 Rg5 35. Qxe3 Qf6 36. Qe4+ Kg7 37. Qc6 Qf7 38.
Qe4 b5 39. Qd4+ Qf6 40. Qxa7 bxc4+ 41. Ka4 Kh6 42. Qe3 Qf5 43. b4 Qc2+ 44. Ka3
Qd3+ 45. Qxd3 cxd3 46. Kb3 Rg2 47. Kc3 d2 48. Kc2 Rxf2 49. a4 d1=Q+ 50. Kxd1
Rb2 51. a5 Rxb4 52. a6 Ra4 53. a7 Rxa7 54. h4 Ra2 55. h5 c5 56. Ke1 d5 57. Kd1
c4 58. Ke1 d4 59. Kd1 c3 60. Kc1 d3 61. Kb1 Rh2 62. Ka1 d2 0-1

[Event "DEM U12 2005"]
[Site "Willingen GER"]
[Date "2005.05.16"]
[Round "3"]
[White "Günnigmann, Manuel"]
[Black "Kreutzer, Alexander"]
[Result "1-0"]
[Termination "normal"]
[Board "8"]
[WhiteElo "1625"]
[BlackElo "1442"]
[PlyCount "57"]
[WhiteFideId "24640360"]
[BlackFideId "24670685"]
[EventCountry "GER"]
[EventRounds "11"]
[EventType "swiss"]
[EventDate "2005.05.15"]

1. e4 e5 2. Bc4 Nf6 3. d3 Bc5 4. Nf3 Nc6 5. c3 d5 6. exd5 Nxd5 7. O-O O-O 8.
Re1 Re8 9. d4 Nb6 10. Bxf7+ Kxf7 11. dxc5 Nd5 12. Ng5+ Kg8 13. Ne4 Nf4 14. Bxf4
exf4 15. Qxd8 Rxd8 16. Nbd2 Bf5 17. Nb3 Rd5 18. Ned2 Rad8 19. Nf3 Bg4 20. Nfd4
Nxd4 21. cxd4 a5 22. Nxa5 Rxd4 23. Nxb7 Rb8 24. c6 f3 25. Red1 Rxd1+ 26. Rxd1
Bc8 27. Rd8+ Kf7 28. gxf3 Ra8 29. Rd7+ 1-0

[Event "DEM U12 2005"]
[Site "Willingen GER"]
[Date "2005.05.16"]
[Round "3"]
[White "Endress, Anna"]
[Black "Grünter, Martin"]
[Result "1-0"]
[Termination "normal"]
[Board "9"]
[WhiteElo "1725"]
[BlackElo "1574"]
[PlyCount "129"]
[WhiteFideId "24629472"]
[BlackFideId "24640352"]
[EventCountry "GER"]
[EventRounds "11"]
[EventType "swiss"]
[EventDate "2005.05.15"]

1. e4 c6 2. d4 d5 3. Nc3 dxe4 4. Nxe4 Bf5 5. Ng3 Bg6 6. Nf3 Nd7 7. Bf4 Ngf6 8.
Bd3 e6 9. Qe2 Be7 10. O-O-O Qa5 11. Kb1 O-O-O 12. Rhe1 Nd5 13. Bd2 Qb6 14. Bxg6
Ba3 15. b3 hxg6 16. c4 N5f6 17. Bc3 Rde8 18. Ne5 Rhf8 19. c5 Qc7 20. Nc4 Nd5
21. Bd2 Bxc5 22. dxc5 Nxc5 23. Qe5 Qxe5 24. Nxe5 Rd8 25. Kc2 Nd7 26. Nc4 N7f6
27. h3 Kc7 28. Ne4 Rfe8 29. Ne5 Nxe4 30. Rxe4 Rf8 31. Bf4 Nxf4 32. Rxf4 Rxd1
33. Kxd1 f6 34. Nxg6 Rd8+ 35. Kc2 e5 36. Rh4 Rd7 37. Rh7 Kd6 38. Nh4 Ke6 39. g4
Kf7 40. Rh5 Rd4 41. Rf5 b6 42. Nf3 Rd5 43. Nd2 Rd4 44. Rf3 Kg6 45. Re3 c5 46.
Re4 Kh6 47. Rxd4 cxd4 48. Ne4 a6 49. Kd3 Kg6 50. h4 f5 51. h5+ Kh6 52. gxf5
Kxh5 53. f6 Kg6 54. fxg7 Kxg7 55. f4 exf4 56. Kxd4 Kf7 57. Ke5 f3 58. Ng5+ Ke7
59. Nxf3 Kd7 60. Kd5 Kc7 61. Ne5 a5 62. a4 Kb7 63. Kd6 Ka6 64. Kc6 Ka7 65. Nd7
1-0

[Event "DEM U12 2005"]
[Site "Willingen GER"]
[Date "2005.05.16"]
[Round "3"]
[White "Brumme, Jan"]
[Black "Zimmermann, Gordon"]
[Result "0-1"]
[Termination "normal"]
[Board "10"]
[WhiteElo "1487"]
[BlackElo "1686"]
[PlyCount "60"]
[BlackFideId "24624330"]
[EventCountry "GER"]
[EventRounds "11"]
[EventType "swiss"]
[EventDate "2005.05.15"]

1. e4 e5 2. Nf3 Nc6 3. Bb5 a6 4. Ba4 Nf6 5. O-O Be7 6. Re1 b5 7. Bb3 d6 8. c3
O-O 9. h3 Na5 10. Bc2 c5 11. d4 Qc7 12. d5 Ne8 13. Nh2 f5 14. f3 f4 15. Qe2 Bh4
16. Rd1 Qe7 17. Bd2 Qg5 18. g4 Rf6 19. Kg2 Rh6 20. Rh1 Nf6 21. Nf1 Nh5 22. Be1
Nf6 23. Bd2 Nc4 24. b3 Nb6 25. Na3 Ra7 26. Rc1 Rg6 27. Nb1 h5 28. Rd1 hxg4 29.
hxg4 Nxg4 30. Rg1 Nf2+ 0-1

[Event "DEM U12 2005"]
[Site "Willingen GER"]
[Date "2005.05.16"]
[Round "3"]
[White "Gadschisade, Machmud"]
[Black "Mohr, Fides"]
[Result "0-1"]
[Termination "normal"]
[Board "11"]
[WhiteElo "1676"]
[BlackElo "1476"]
[PlyCount "84"]
[WhiteFideId "4647734"]
[EventCountry "GER"]
[EventRounds "11"]
[EventType "swiss"]
[EventDate "2005.05.15"]

1. c4 e6 2. e4 d5 3. exd5 exd5 4. d4 c6 5. Nc3 dxc4 6. Bxc4 Bd6 7. Nf3 Nf6 8.
O-O O-O 9. Be3 Bg4 10. Be2 Re8 11. Qb3 Qe7 12. h3 Be6 13. Bc4 Bxc4 14. Qxc4
Nbd7 15. Rfe1 Nb6 16. Qb3 Qc7 17. Rac1 a6 18. Ne5 Nbd5 19. Bg5 Rab8 20. Bxf6
Nxf6 21. Nd3 Qd7 22. Nc5 Bxc5 23. dxc5 Rxe1+ 24. Rxe1 Re8 25. Rd1 Qe7 26. Qb6
h6 27. Qb4 Qc7 28. a4 Qe7 29. Qd4 Qc7 30. b4 Qe7 31. Kf1 Kf8 32. f3 Kg8 33. Qd2
Qe6 34. Qd4 Kf8 35. b5 axb5 36. axb5 cxb5 37. Nxb5 Qe2+ 38. Kg1 Qxb5 39. Qd6+
Kg8 40. Qc7 Qc6 41. Qa5 Rc8 42. Rb1 Nd7 0-1

[Event "DEM U12 2005"]
[Site "Willingen GER"]
[Date "2005.05.16"]
[Round "3"]
[White "Berchtenbreiter, Maximilian"]
[Black "Müller, Tobias"]
[Result "0-1"]
[Termination "normal"]
[Board "12"]
[WhiteElo "1631"]
[BlackElo "1493"]
[PlyCount "114"]
[WhiteFideId "24641120"]
[BlackFideId "24643394"]
[EventCountry "GER"]
[EventRounds "11"]
[EventType "swiss"]
[EventDate "2005.05.15"]

1. e4 c5 2. c3 Nf6 3. e5 Nd5 4. d4 cxd4 5. cxd4 e6 6. Nc3 Nxc3 7. bxc3 d6 8.
Nf3 Qc7 9. Qc2 Nd7 10. Bf4 b6 11. exd6 Bxd6 12. Bxd6 Qxd6 13. Qe4 Rb8 14. Bd3
Bb7 15. Qg4 O-O 16. Qh3 h6 17. Rd1 Qa3 18. c4 Qa5+ 19. Nd2 Nf6 20. O-O Qb4 21.
f3 Qc3 22. Nb3 Qb4 23. f4 Qe7 24. Rde1 Qc7 25. f5 exf5 26. Rxf5 Bc8 27. Qf3
Bxf5 28. Qxf5 Qc8 29. Qf2 Qd7 30. h3 Rbe8 31. Rf1 Qe7 32. Kh1 Qe3 33. Qc2 Qg3
34. Qb1 Re3 35. Nc1 Rfe8 36. Ne2 Qh4 37. Rf4 Qxf4 38. Nxf4 Re1+ 39. Qxe1 Rxe1+
40. Kh2 Ra1 41. Bc2 Rxa2 42. Bb3 Ra3 43. Bd1 g5 44. Ne2 Rd3 45. Ba4 Rd2 46. Ng3
Rxd4 47. Bb5 Rd1 48. Nf5 h5 49. Ne7+ Kf8 50. Nc6 Ra1 51. Nb4 Ne4 52. Nd3 Nd6
53. Bc6 Nxc4 54. Nb4 a5 55. Nc2 Ra2 56. Nd4 Ne5 57. Bd5 Rd2 0-1

[Event "DEM U12 2005"]
[Site "Willingen GER"]
[Date "2005.05.16"]
[Round "3"]
[White "Aslan, Benjamin"]
[Black "Ma, Beini"]
[Result "1-0"]
[Termination "normal"]
[Board "13"]
[WhiteElo "1507"]
[BlackElo "1630"]
[PlyCount "51"]
[WhiteFideId "24640298"]
[BlackFideId "24630101"]
[EventCountry "GER"]
[EventRounds "11"]
[EventType "swiss"]
[EventDate "2005.05.15"]

1. d4 Nf6 2. c4 e6 3. Nc3 Bb4 4. Qb3 a5 5. a3 Bxc3+ 6. Qxc3 O-O 7. Bg5 d5 8. e3
Nbd7 9. Nf3 c6 10. cxd5 exd5 11. Be2 Qc7 12. O-O Ne4 13. Qc2 Ndf6 14. Rab1 Bg4
15. Bf4 Qe7 16. b4 axb4 17. axb4 Ra3 18. b5 Rc8 19. bxc6 Rxc6 20. Qb2 Nc3 21.
Ra1 Nxe2+ 22. Qxe2 Ne4 23. Qb2 Rac3 24. Ne5 Rc2 25. Nxc6 Rxc6 26. f3 1-0

[Event "DEM U12 2005"]
[Site "Willingen GER"]
[Date "2005.05.16"]
[Round "3"]
[White "Lobmeyer, Fabian"]
[Black "Marx, Joschka"]
[Result "1-0"]
[Termination "normal"]
[Board "14"]
[WhiteElo "1616"]
[BlackElo "1419"]
[PlyCount "105"]
[WhiteFideId "24659681"]
[BlackFideId "24645869"]
[EventCountry "GER"]
[EventRounds "11"]
[EventType "swiss"]
[EventDate "2005.05.15"]

1. d4 d5 2. c4 e6 3. Nc3 Nf6 4. Bg5 Bb4 5. Qc2 Nbd7 6. e3 O-O 7. cxd5 exd5 8.
Bd3 h6 9. Bh4 c5 10. a3 Bxc3+ 11. bxc3 c4 12. Be2 Qa5 13. f3 Re8 14. Bf2 Nb6
15. Bd1 Bd7 16. Ne2 Re7 17. O-O Rae8 18. Qb2 Bf5 19. Ng3 Bd3 20. Re1 Na4 21.
Bxa4 Qxa4 22. Qb4 Qxb4 23. axb4 a6 24. Ra5 Rc7 25. Rea1 Ree7 26. b5 axb5 27.
Rxb5 Kf8 28. Ra2 Red7 29. Ne2 g5 30. Nc1 Bf5 31. Rab2 Re7 32. Na2 Kg7 33. Bg3
Rcd7 34. Kf2 h5 35. Nb4 Be6 36. Be5 Kg6 37. Bxf6 Kxf6 38. e4 dxe4 39. fxe4 Rd8
40. Nc2 Bc8 41. e5+ Kg7 42. Ne3 Kg6 43. R2b4 Rc7 44. Rxc4 Rxc4 45. Nxc4 Be6 46.
Nd6 Rb8 47. Rxb7 Rxb7 48. Nxb7 Kf5 49. Nd6+ Kf4 50. g3+ Kg4 51. c4 Kh3 52. d5
Bd7 53. Nxf7 1-0

[Event "DEM U12 2005"]
[Site "Willingen GER"]
[Date "2005.05.16"]
[Round "3"]
[White "Huhnstock, Rico"]
[Black "Wittke, Rene"]
[Result "1/2-1/2"]
[Termination "normal"]
[Board "15"]
[WhiteElo "1424"]
[BlackElo "1612"]
[PlyCount "70"]
[WhiteFideId "24642932"]
[BlackFideId "24640255"]
[EventCountry "GER"]
[EventRounds "11"]
[EventType "swiss"]
[EventDate "2005.05.15"]

1. e4 e5 2. Nf3 Nc6 3. Bc4 Bc5 4. c3 Nf6 5. d4 exd4 6. cxd4 Bb4+ 7. Bd2 Bxd2+
8. Nbxd2 d5 9. exd5 Nxd5 10. O-O O-O 11. Ne5 Nb6 12. Nxc6 bxc6 13. Qc2 Bd7 14.
Bd3 h6 15. Be4 Nd5 16. Nf3 Qf6 17. Ne5 Rad8 18. Bxd5 cxd5 19. Qxc7 Bb5 20. Rfc1
Qf4 21. Qxa7 Rc8 22. Rc7 Rxc7 23. Qxc7 Qxd4 24. Qc3 Qxc3 25. bxc3 Rc8 26. Rc1
d4 27. c4 Ba6 28. Nf3 Rxc4 29. Rxc4 Bxc4 30. a3 d3 31. Nd2 Bb5 32. f3 Kf8 33.
Kf2 Ke7 34. Ke3 Kd6 35. Kd4 f5 1/2-1/2

[Event "DEM U12 2005"]
[Site "Willingen GER"]
[Date "2005.05.16"]
[Round "3"]
[White "Jussupow, Alexander"]
[Black "Bochis, Julia"]
[Result "0-1"]
[Termination "normal"]
[Board "16"]
[WhiteElo "1943"]
[BlackElo "1461"]
[PlyCount "132"]
[WhiteFideId "24613509"]
[BlackFideId "24647276"]
[EventCountry "GER"]
[EventRounds "11"]
[EventType "swiss"]
[EventDate "2005.05.15"]

1. d4 d5 2. c4 e6 3. Nc3 Nf6 4. cxd5 exd5 5. Bg5 Be7 6. e3 c6 7. Bd3 O-O 8. Qc2
h6 9. Bf4 Nbd7 10. Nf3 Nb6 11. h3 Be6 12. b3 Re8 13. O-O Rc8 14. Qb2 a5 15.
Rfc1 Bd6 16. Bxd6 Qxd6 17. Ne2 Ne4 18. Nd2 f5 19. Nf4 Ra8 20. Nf1 Nd7 21. Qc2
Rf8 22. f3 Ng5 23. Nxe6 Qxe6 24. Re1 Qf6 25. Ng3 g6 26. h4 Ne6 27. h5 f4 28.
exf4 Nxf4 29. Bxg6 Nxg6 30. Qxg6+ Qxg6 31. hxg6 Rf6 32. Re7 Rd8 33. Nh5 Rxg6
34. Nf4 Rf6 35. Ne6 Rb8 36. Re1 Nf8 37. Nxf8 Kxf8 38. Rh7 Kg8 39. Ree7 Rf4 40.
Rxh6 Rxd4 41. Reh7 Rb4 42. Rh5 Rf8 43. Rc7 Rf7 44. Rc8+ Kg7 45. Kf2 a4 46. bxa4
Rxa4 47. g4 Rxg4 48. Ra8 Rb4 49. Ra3 Kg6 50. Rh1 d4 51. Rg1+ Kf6 52. Rg4 c5 53.
Kg3 Rg7 54. Rd3 Rc4 55. Kf4 Rxg4+ 56. fxg4 b5 57. Rb3 b4 58. Ke4 Kg5 59. Kd3
Rc1 60. a3 bxa3 61. Rxa3 Kxg4 62. Ra8 Rc3+ 63. Ke4 Re3+ 64. Kd5 d3 65. Kxc5 Kf3
66. Kc4 d2 0-1

[Event "DEM U12 2005"]
[Site "Willingen GER"]
[Date "2005.05.16"]
[Round "3"]
[White "Schäfer, Alexander"]
[Black "Hubbuch, Fabian"]
[Result "1-0"]
[Termination "normal"]
[Board "17"]
[WhiteElo "2035"]
[BlackElo "1452"]
[PlyCount "73"]
[WhiteFideId "24615196"]
[EventCountry "GER"]
[EventRounds "11"]
[EventType "swiss"]
[EventDate "2005.05.15"]

1. d4 d5 2. c4 e6 3. Nc3 Nf6 4. cxd5 exd5 5. Bg5 Bf5 6. Qb3 Nc6 7. Qxb7 Nxd4 8.
Rc1 Rb8 9. Bxf6 Rxb7 10. Bxd8 Kxd8 11. e3 Ne6 12. Nxd5 Rxb2 13. Bc4 Bd6 14. Nf3
Kd7 15. O-O Rhb8 16. Nc3 Ke8 17. e4 Bg6 18. Bxe6 fxe6 19. Nd4 Kf7 20. Nc6 Ra8
21. Rfd1 Rb6 22. Na4 Ra6 23. e5 Rxa4 24. exd6 cxd6 25. Rxd6 Rxa2 26. h3 Kf6 27.
Re1 Re8 28. Rd7 a5 29. Ra7 a4 30. Ne5 h6 31. Nd7+ Kg5 32. Ne5 Bc2 33. Rxg7+ Kf6
34. Rf7+ Kg5 35. f4+ Kh4 36. Rg7 Kh5 37. Nf3 1-0

[Event "DEM U12 2005"]
[Site "Willingen GER"]
[Date "2005.05.16"]
[Round "3"]
[White "Mertens, Fridolin"]
[Black "Billing, Alexander"]
[Result "1/2-1/2"]
[Termination "normal"]
[Board "18"]
[WhiteElo "1443"]
[BlackElo "1728"]
[PlyCount "69"]
[WhiteFideId "24671940"]
[BlackFideId "24624420"]
[EventCountry "GER"]
[EventRounds "11"]
[EventType "swiss"]
[EventDate "2005.05.15"]

1. e4 e6 2. d4 d5 3. Nd2 Nf6 4. e5 Nfd7 5. Bd3 c5 6. c3 Nc6 7. Ne2 cxd4 8. cxd4
f6 9. exf6 Nxf6 10. Nf3 Bd6 11. O-O O-O 12. Re1 Bd7 13. h3 Nb4 14. Bg5 Nxd3 15.
Qxd3 Qb6 16. b3 Bb5 17. Qe3 Bb4 18. Rec1 Ne4 19. a3 Rxf3 20. Qxf3 Nxg5 21. Qe3
Be7 22. Nf4 Bd7 23. Nxd5 Qd6 24. Nxe7+ Qxe7 25. Rc7 b6 26. Re1 Qd6 27. Rxd7
Nxh3+ 28. Qxh3 Qxd7 29. Qxe6+ Qxe6 30. Rxe6 Kf7 31. Re3 Rd8 32. Rd3 Ke6 33. Kf1
Kd5 34. f3 Rc8 35. g3 1/2-1/2

[Event "DEM U12 2005"]
[Site "Willingen GER"]
[Date "2005.05.16"]
[Round "3"]
[White "Schmitt, Philipp"]
[Black "Schulz, Anja"]
[Result "1/2-1/2"]
[Termination "normal"]
[Board "19"]
[WhiteElo "1705"]
[BlackElo "1444"]
[PlyCount "52"]
[WhiteFideId "24641766"]
[BlackFideId "24647845"]
[EventCountry "GER"]
[EventRounds "11"]
[EventType "swiss"]
[EventDate "2005.05.15"]

1. e4 c5 2. Nf3 Nc6 3. d4 cxd4 4. Nxd4 g6 5. c4 Bg7 6. Be3 Nf6 7. Nc3 O-O 8.
Be2 d6 9. O-O Bd7 10. Qd2 Rc8 11. b3 Ne5 12. f3 Nc6 13. Rac1 a6 14. Rfd1 Nb4
15. Bh6 Qb6 16. Bxg7 Kxg7 17. Kh1 Rc7 18. Qe3 Qa5 19. Qd2 Rfc8 20. Nd5 Nfxd5
21. exd5 Qa3 22. Qc3 Kg8 23. Nc2 Nxc2 24. Qxc2 Bf5 25. Bd3 Bxd3 26. Rxd3 Qb4
1/2-1/2